000 00452nam a2200205Ia 4500
001 13080
003 GE_BSU
008 181216s||||||||xx |||||||||||||| ||und||
020 _a9780751501681
040 _cGE_BSU
080 _a821.111-3
100 _aCornwell,Patricia D.
245 _aCruel and Unusual.
260 _aLondon.
260 _bWarner Books.
260 _c1993
300 _a437p;18cm.
653 _aCruel and Unusual.
942 _cBK
999 _c46247
_d46247